01630nam a22002057a 45000010005000000030006000050050017000110080041000280200018000690400029000870500019001160820012001351000019001472450038001662500035002042600032002393000034002715201087003056500032013929583FISKH20260123160457.0260123b cb ||||| |||| 00| 0 eng d a9781529360400 aFISKHbengcFISKHdFISKH aPZ7.1 .N643 .P a 823.92 aNoni, Lynette  aThe prison healer /cLynette Noni aThis edition published in 2023 aLondon : Hodderscape, 2021  a405 pages : bmaps ; c20 cm aSeventeen-year-old Kiva Meridan has spent the last ten years fighting for survival in the notorious death prison, Zalindov, working as the prison healer. When the Rebel Queen is captured, Kiva is charged with keeping the terminally ill woman alive long enough for her to undergo the Trial by Ordeal: a series of elemental challenges against the torments of air, fire, water, and earth, assigned to only the most dangerous of criminals. Then a coded message from Kiva's family arrives, containing a single order: "Don't let her die. We are coming." Aware that the Trials will kill the sickly queen, Kiva risks her own life to volunteer in her place. If she succeeds, both she and the queen will be granted their freedom. But no one has ever survived. With an incurable plague sweeping Zalindov, a mysterious new inmate fighting for Kiva's heart, and a prison rebellion brewing, Kiva can't escape the terrible feeling that her trials have only just begun. From bestselling author Lynette Noni comes a dark, thrilling YA fantasy perfect for fans of Sarah J. Maas, and Sabaa Tahir. aFantasyvYoung adultxMagic